Harry Styles - Coming Up Roses - All lyrics - Statistics

General Stats
  • This quiz has been taken 52 times
  • The average score is 199 of 259
Answer Stats
Answer % Correct
an
96%
And
96%
and
96%
the
96%
I
93%
it
93%
on
93%
up
93%
you
93%
comin'
89%
it's
89%
Just
89%
me
89%
my
89%
roses
89%
to
89%
your
89%
face
85%
for
85%
go
85%
of
85%
only
85%
safe
85%
chest,
81%
ear
81%
flat
81%
hangover
81%
head
81%
If
81%
if
81%
talk
81%
we
81%
why
81%
with
81%
word
81%
all
78%
As
78%
back
78%
fall
78%
I'll
78%
let's
78%
not
78%
off
78%
right
78%
see
78%
that
78%
That
78%
There's
78%
tonight,
78%
truth
78%
words
78%
about
74%
flirt
74%
fumble
74%
rest
74%
seem
74%
time
74%
want
74%
Where
74%
bad
70%
be
70%
both
70%
everything
70%
here
70%
I'm
70%
skip
70%
test
70%
we'll
70%
year
70%
But
67%
chasing
67%
might
67%
ones
67%
say
67%
seems
67%
take
67%
Tell
67%
we're
67%
night
63%
scared
63%
aligned?
59%
appetite
59%
Does
59%
mean
59%
clocks,
56%
devoid
56%
fears
56%
get
56%
La
56%
La-la-la
56%
La-la-la-la-la
56%
La-la-la-la-la-la
56%
think
56%
this
56%
through
56%
could
52%
drive?
52%
Now
52%
now
52%
tears,
52%
am
48%
dear
48%
I've
48%
Judging
48%
life?
48%
while
48%
bringing
41%
closer
41%
feeling
41%
guilty
41%
out
41%
turned
41%
us
41%
worried,
41%
appears,
37%
course
37%
Or
37%
stay
37%
account
33%
back-seating
33%
wants
26%
No matching quizzes found
Score Distribution
Percent of People with Each Score
Percentile by Number Answered
Your Score History
You have not taken this quiz